Videoteca de la pareja : Sexo, placer en la vida : Sexualidad masculina /

Zapisane w:
Opis bibliograficzny
1. autor: Hensen, Gil (realización)
Kolejni autorzy: Schaaf, Theo van der (producción ejecutiva) (producción ejecutiva), Wees, Tom van (producción ejecutiva) (producción ejecutiva), Wertwijn, Lex (fotógrafo) (fotógrafo), Hensen, Gil (guión) (guión), Paapst, Gerard (guión) (guión), Graaf, Bob de (montaje) (montaje), Dijkstal, Hugo (montaje) (montaje), Carcamo, Néstor (narración) (narración), Mora, Rosario (conducción) (conducción), García, José Luis (conducción) (conducción)
Format: Diapozytyw
Język:hiszpański
Hasła przedmiotowe:
Etykiety: Dodaj etykietę
Nie ma etykietki, Dołącz pierwszą etykiete!

MARC

LEADER 00000ngm^a2200000^a^4500
001 000556081
005 20250521000000.0
009 20260310131732.078
037 |a Acervo ITESO - Biblioteca 
041 |a ESP 
082 |a 305. 31  |b VID V. 2 
100 |a Hensen, Gil  |e (realización) 
240 1 1 |a [Videoteca de la pareja] 
245 1 0 |a Videoteca de la pareja :  |b Sexo, placer en la vida : Sexualidad masculina /  |c Realización de G. Hensen ; prod. ejecutiva de T. van der Schaaf, T. van Wees. 
246 2 |a Título en la pantalla: Sexo, placer en la vida: Sexualidad masculina 
246 2 |a Título en la cubierta: Videoteca de la pareja: Sexualidad masculina 
264 2 |a México :  |b Televideofilm [distribución],  |c 1991, c1991 
300 |a 1 videocasete VHS (66 min.) :  |b color 
336 |a imagen móvil bidimensional  |b tdi  |2 rdacontenido 
337 |a video  |b v  |2 rdamedio 
338 |a videocasete  |b vf  |2 rdasoporte 
649 |a XX 
650 |a Hombres -  |x Condiciones Psicológicas 
650 |a Relaciones de Pareja 
650 |a Eyaculación Precoz 
650 |a Orgasmo 
650 |a Masturbación 
650 |a Fantasías Sexuales 
650 |a Placer Sexual 
650 |a Excitación Sexual 
650 |a Respuesta Sexual Humana 
650 |a Prácticas Sexuales 
650 |a Desarrollo Sexual 
650 |a Erotismo 
650 |a Heterosexualidad 
650 |a Sexualidad -  |x Tema Principal 
700 |a Schaaf, Theo van der  |e (producción ejecutiva) 
700 |a Wees, Tom van  |e (producción ejecutiva) 
700 |a Wertwijn, Lex  |e (fotógrafo) 
700 |a Hensen, Gil  |e (guión) 
700 |a Paapst, Gerard  |e (guión) 
700 |a Graaf, Bob de  |e (montaje) 
700 |a Dijkstal, Hugo  |e (montaje) 
700 |a Carcamo, Néstor  |e (narración) 
700 |a Mora, Rosario  |e (conducción) 
700 |a García, José Luis  |e (conducción) 
910 |a Fondo General 
920 |a Audiovisuales - Videocasetes 
905 |a 301 
901 |a 0500054005  |b IT2  |c VIS  |i D  |u 20250521 
902 |a https://opac.biblio.iteso.mx/vufind/Record/000556081